E55(徳島南部道など)のIC - Statistics

General Stats
  • This quiz has been taken 21 times
    3 since last reset
  • The average score is 13 of 20
Answer Stats
徳島南部道 % Correct
JCT 徳島
100%
IC 徳島津田
100%
IC 阿南
100%
IC 芸西西
100%
IC 徳島沖洲
67%
IC 小松島南
67%
IC 由岐
67%
IC 日和佐
67%
IC 香南やす
67%
IC 香南のいち
67%
IC 高知龍馬空港
67%
IC 高知南
67%
IC 高知中央
67%
IC/JCT 高知
67%
IC 小野
33%
IC 柏木
33%
IC 野友
33%
IC 芝崎
33%
IC 香南かがみ
33%
IC なんこく南
33%
No matching quizzes found
Score Distribution
Percent of People with Each Score
Percentile by Number Answered
Your Score History
You have not taken this quiz since the last reset